Szpaku - Atypowy - Statystyki

Ogólne statystyki
  • Ten quiz został rozwiązany 265 razy
  • Średni wynik to 9 z 11
Statystyki odpowiedzi
Numer Gość Utwór % Poprawnych
1. Alicja
92%
9. Włodi Oddajemy krew Wampirom
92%
7. Hinata
91%
5. Białas Lavender Town
86%
4. Paluch Szlam
86%
2. W Krainie Czarów
82%
3. UFO
80%
10. Ja YETI
78%
6. Zombie
76%
8. Nieważne
75%
11. Mojo jojo
70%
Nie znaleziono quizów pasujących do podanych kryteriów
Rozkład punktacji
Procent ludzi z każdym wynikiem
Percentyl według liczby udzielonych odpowiedzi
Twoja historia wyników
Nie rozwiązałeś tego quizu